00325nam a22001337a 450000500170000000800410001702000080005804100080006608200100007410000230008424500280010726000480013530000080018320160426160329.0160426b xxu||||| |||| 00| 0 eng d aN/A aeng b00179 aCopestake, Stephen aOffice XP in easy steps aDelhibDream Tech Press, Dauryaganj, c2001 a192